Led Zeppelin Discography - Statistics

General Stats
  • This quiz has been taken 437 times
  • The average score is 39 of 73
Answer Stats
Year Album Song % Correct
1971 Led Zeppelin IV Stairway to Heaven
95%
1971 Led Zeppelin IV Black Dog
89%
1975 Physical Graffiti Kashmir
87%
1969 Led Zeppelin II Whole Lotta Love
86%
1970 Led Zeppelin III Immigrant Song
84%
1969 Led Zeppelin Dazed and Confused
79%
1969 Led Zeppelin Good Times Bad Times
79%
1971 Led Zeppelin IV When the Levee Breaks
79%
1971 Led Zeppelin IV Rock and Roll
76%
1971 Led Zeppelin IV Going to California
75%
1969 Led Zeppelin Communication Breakdown
72%
1975 Physical Graffiti Houses of the Holy
72%
1969 Led Zeppelin II The Lemon Song
71%
1969 Led Zeppelin II Ramble On
69%
1969 Led Zeppelin Babe I'm Gonna Leave You
68%
1973 Houses of the Holy D'yer Mak'er
67%
1969 Led Zeppelin II Heartbreaker
67%
1973 Houses of the Holy The Ocean
67%
1969 Led Zeppelin II Moby Dick
66%
1973 Houses of the Holy Over the Hills and Far Away
65%
1970 Led Zeppelin III Tangerine
65%
1976 Presence Achilles Last Stand
64%
1971 Led Zeppelin IV Misty Mountain Hop
63%
1971 Led Zeppelin IV Four Sticks
62%
1973 Houses of the Holy The Rain Song
62%
1971 Led Zeppelin IV The Battle of Evermore
61%
1970 Led Zeppelin III Since I've Been Loving You
57%
1969 Led Zeppelin II Thank You
55%
1969 Led Zeppelin II Living Loving Maid (She's Just a Woman)
54%
1979 In Through the Out Door All My Love
53%
1975 Physical Graffiti Bron-Yr-Aur
53%
1979 In Through the Out Door Fool in the Rain
53%
1973 Houses of the Holy No Quarter
53%
1975 Physical Graffiti In My Time of Dying
52%
1970 Led Zeppelin III Gallows Pole
51%
1973 Houses of the Holy The Song Remains the Same
51%
1970 Led Zeppelin III Bron-Y-Aur Stomp
50%
1969 Led Zeppelin II What Is and What Should Never Be
50%
1970 Led Zeppelin III Friends
49%
1975 Physical Graffiti Custard Pie
48%
1975 Physical Graffiti The Rover
47%
1975 Physical Graffiti Ten Years Gone
46%
1975 Physical Graffiti Trampled Under Foot
46%
1970 Led Zeppelin III Celebration Day
45%
1969 Led Zeppelin How Many More Times
45%
1973 Houses of the Holy The Crunge
45%
1969 Led Zeppelin Black Mountain Side
44%
1969 Led Zeppelin II Bring It On Home
44%
1973 Houses of the Holy Dancing Days
44%
1970 Led Zeppelin III Hats Off to (Roy) Harper
43%
1979 In Through the Out Door Hot Dog
43%
1975 Physical Graffiti In the Light
43%
1969 Led Zeppelin You Shook Me
43%
1969 Led Zeppelin Your Time Is Gonna Come
42%
1969 Led Zeppelin I Can't Quit You Baby
40%
1976 Presence Nobody's Fault but Mine
38%
1979 In Through the Out Door In the Evening
37%
1975 Physical Graffiti Boogie with Stu
36%
1979 In Through the Out Door Carouselambra
36%
1975 Physical Graffiti Down By the Seaside
36%
1970 Led Zeppelin III Out on the Tiles
36%
1976 Presence Tea for One
36%
1975 Physical Graffiti Sick Again
35%
1970 Led Zeppelin III That's the Way
35%
1975 Physical Graffiti The Wanton Song
33%
1975 Physical Graffiti Black Country Woman
32%
1976 Presence Candy Store Rock
31%
1979 In Through the Out Door I'm Gonna Crawl
29%
1975 Physical Graffiti Night Flight
29%
1976 Presence Royal Orleans
29%
1976 Presence For Your Life
25%
1976 Presence Hots on for Nowhere
23%
1979 In Through the Out Door South Bound Saurez
23%
No matching quizzes found
Score Distribution
Percent of People with Each Score
Percentile by Number Answered
Your Score History
You have not taken this quiz